| 000 | 01066nam a2200277 a 4500 | ||
|---|---|---|---|
| 001 | 46860 | ||
| 003 | BD-RjUL | ||
| 005 | 20211209054222.0 | ||
| 008 | 160804s1957 dcua 101 0 eng | ||
| 035 | _a(BD-RjUL)46979 | ||
| 035 | _a(OCoLC)626188 | ||
| 040 |
_aDLC _cOU _dOCoLC _dDLC _dBD-RjUL _beng |
||
| 041 | _aeng | ||
| 082 |
_a371.40952 _223 _bLLS 1957 |
||
| 100 |
_aLloyd, Wesley P. _q(Wesley Parkinson), _9142759 |
||
| 111 | 2 |
_aInstitute for Advanced Training in Student Personnel Services in Japan _d(1955 : _cTokyo University) _9162635 |
|
| 245 | 1 | 0 |
_aStudent personnel services in Japan / _cby Wesley P. Lloyd ; With chapters contributed by Francis P. Robinson , Edward S. Bordin. |
| 260 |
_aWashington, D. C. : _bAmerican Council on Education, _c1957 |
||
| 300 |
_axi, 111 p. : _bill. ; _c24 cm. |
||
| 500 | _aIncludes Index | ||
| 650 | 0 |
_aEducation _zJapan. _9142761 |
|
| 650 | 0 |
_aEducational counseling _9133350 |
|
| 700 |
_a Robinson, Francis P. , Jt. auth. _9162636 |
||
| 700 |
_aBordin, Edward S. , Jt. auth. _9162637 |
||
| 942 |
_2ddc _cBK |
||
| 999 |
_c46860 _d46860 |
||